| 000 | 00685 a2200145 4500 | ||
|---|---|---|---|
| 082 | _aBEE-4 | ||
| 100 |
_aAska Zafar Rana, Hira Ali Jamal and Sehrish Khan _992772 |
||
| 245 |
_aEffective of alignment correction on image fusion [Project Report BEE-4] _cAska Zafar Rana, Hira Ali Jamal and Sehrish Khan _hEnglish |
||
| 260 |
_aIslamabad _bNUST School of Electrical Engineering and Computer Science _c2011. |
||
| 300 |
_a78p. _b;ill. _c:27cm. + _eCD-ROM |
||
| 500 | _aSupervisors: Dr. Muhammad Murtaza Khan, Dr. Rehman Hafiz | ||
| 700 |
_aAska Zafar Rana, Hira Ali Jamal and Sehrish Khan _992772 |
||
| 856 | _uhttp://10.250.8.41:8080/xmlui/handle/123456789/10633 | ||
| 942 |
_cPR _kBEE-4 AZK _2ddc |
||
| 999 |
_c10580 _d10580 |
||